[Event "POR-chT"]
[Site "Soure"]
[Date "2025.07.15"]
[Round "3.4"]
[White "Sousa, Hugo Carneiro"]
[Black "Ribeiro, Rodrigo"]
[Result "1/2-1/2"]
[WhiteElo "2107"]
[BlackElo "2151"]
[PlyCount "140"]
[EventDate "2025.07.14"]
[EventType "team-tourn"]
[EventRounds "9"]
[EventCountry "POR"]
[SourceTitle "CB30_2025"]
[SourceDate "2025.07.23"]
[SourceVersion "1"]
[SourceVersionDate "2025.07.23"]
[SourceQuality "1"]
[WhiteTeam "EPGaia"]
[BlackTeam "Tessera"]
[WhiteTeamCountry "POR"]
[BlackTeamCountry "POR"]

1. e4 c5 2. Nf3 e6 3. d4 cxd4 4. Nxd4 a6 5. Bd3 Bc5 6. Nb3 Ba7 7. 0-0 Nc6 8. Qe2 d6 9. c4 Nge7 10. Be3 Bxe3 11. Qxe3 e5 12. Nc3 Ng6 13. Nd5 0-0 14. Rad1 Be6 15. Nb6 Rb8 16. Rd2 Nf4 17. Rfd1 Qg5 18. Bf1 Bg4 19. Qg3 Nh5 20. Qc3 Bxd1 21. Rxd1 Rfd8 22. Rd3 Qg6 23. Re3 Ne7 24. a4 Nf4 25. a5 Nc8 26. Nd5 Qg5 27. Rg3 Nxd5 28. exd5 Qh4 29. Bd3 g6 30. c5 Ne7 31. cxd6 Rxd6 32. Qxe5 Qf6 33. Qxf6 Rxf6 34. Nc5 Rd6 35. Ne4 Rdd8 36. Bc4 Rbc8 37. Rc3 Nf5 38. Kf1 Nd6 39. Nxd6 Rxd6 40. Ke2 Kg7 41. Kd3 f5 42. Kd4 Kf6 43. Re3 g5 44. Rh3 Kg7 45. Ke5 Rd7 46. Ke6 Rdc7 47. b3 Re8+ 48. Kxf5 Rf7+ 49. Kxg5 Rxf2 50. Rg3 Re4 51. Kh5+ Kf6 52. Rg5 Re5 53. h4 Rxg2 54. Rxe5 Kxe5 55. Kh6 Rh2 56. h5 Rh1 57. Be2 Rh2 58. Bd3 Kxd5 59. Bxh7 Kc5 60. Be4 Kb5 61. Bxb7 Kxa5 62. Bc6 Kb6 63. Ba4 Rg2 64. Kh7 Kc5 65. Be8 Rg3 66. Bf7 Kd6 67. Bg6 Rxb3 68. Kg7 Rh3 69. h6 a5 70. h7 Rxh7+ 1/2-1/2

[Event "POR-chT"]
[Site "Soure"]
[Date "2024.07.20"]
[Round "8.12"]
[White "Martin Carmona, Gaston Manuel"]
[Black "Sousa, Hugo Carneiro"]
[Result "1-0"]
[WhiteElo "2349"]
[BlackElo "2082"]
[PlyCount "97"]
[EventDate "2024.07.15"]
[EventType "team-tourn"]
[EventRounds "9"]
[EventCountry "POR"]
[SourceTitle "CBM 221 Extra"]
[Source "ChessBase"]
[SourceDate "2024.09.30"]
[SourceVersion "1"]
[SourceVersionDate "2024.09.30"]
[SourceQuality "1"]
[WhiteTeam "Montemor o Novo"]
[BlackTeam "EPGaia"]
[WhiteTeamCountry "POR"]
[BlackTeamCountry "POR"]

1. Nf3 Nf6 2. g3 g6 3. Bg2 Bg7 4. d4 d6 5. c4 0-0 6. Nc3 Nc6 7. d5 Na5 8. b3 c5 9. Bb2 a6 10. 0-0 Rb8 11. Nd2 b5 12. Qc1 e6 13. dxe6 Bxe6 14. cxb5 axb5 15. Nce4 Nxe4 16. Nxe4 Bxb2 17. Qxb2 f5 18. Nc3 Qf6 19. Qd2 b4 20. Nd5 Bxd5 21. Qxd5+ Kg7 22. Rad1 Rb6 23. f4 Re8 24. Rfe1 Qe6 25. e3 Qxd5 26. Rxd5 Nb7 27. Rd2 Nd8 28. Bd5 Ne6 29. Bc4 Kf6 30. Kf2 h6 31. Red1 Rd8 32. h3 g5 33. Rd5 Nc7 34. Rxc5 dxc5 35. Rxd8 Nb5 36. Rf8+ Kg7 37. Rxf5 gxf4 38. gxf4 Nd6 39. Re5 Nxc4 40. bxc4 Ra6 41. Rxc5 Rxa2+ 42. Kf3 Rc2 43. Ke4 b3 44. Kd3 Rh2 45. Rb5 b2 46. h4 Kf6 47. Ke4 h5 48. Rb6+ Ke7 49. Ke5 1-0

[Event "POR-chT"]
[Site "Soure"]
[Date "2024.07.19"]
[Round "7.16"]
[White "Guerreiro, Nuno M"]
[Black "Sousa, Hugo Carneiro"]
[Result "1/2-1/2"]
[WhiteElo "2013"]
[BlackElo "2082"]
[PlyCount "93"]
[EventDate "2024.07.15"]
[EventType "team-tourn"]
[EventRounds "9"]
[EventCountry "POR"]
[SourceTitle "CBM 221 Extra"]
[Source "ChessBase"]
[SourceDate "2024.09.30"]
[SourceVersion "1"]
[SourceVersionDate "2024.09.30"]
[SourceQuality "1"]
[WhiteTeam "Mata de Benfica"]
[BlackTeam "EPGaia"]
[WhiteTeamCountry "POR"]
[BlackTeamCountry "POR"]

1. Nf3 Nf6 2. c4 e6 3. b3 d5 4. Bb2 Be7 5. e3 0-0 6. Be2 c5 7. 0-0 Nc6 8. cxd5 exd5 9. d4 b6 10. Nc3 Bf5 11. Rc1 Ne4 12. dxc5 Nxc3 13. Bxc3 bxc5 14. Qd2 Qd6 15. Rfd1 Rfd8 16. Qb2 Qg6 17. Ne5 Nxe5 18. Bxe5 Be4 19. f3 Bf5 20. Rd2 f6 21. Bc7 Rd7 22. Bf4 a6 23. Rcd1 Be6 24. Bc4 Qf7 25. Qa3 dxc4 26. Rxd7 Bxd7 27. Rxd7 Qe6 28. Qa4 cxb3 29. Ra7 Rd8 30. Qxb3 c4 31. Qb7 c3 32. Rxa6 c2 33. Rxe6 c1Q+ 34. Kf2 Qc2+ 35. Kg3 Qg6+ 36. Kh4 Qxg2 37. Qxe7 g5+ 38. Bxg5 Qxh2+ 39. Kg4 Qg2+ 40. Kh4 Qh2+ 41. Kg4 Qg2+ 42. Kh4 Qxg5+ 43. Kh3 Qh5+ 44. Kg3 Qg5+ 45. Kh3 Qh6+ 46. Kg3 Qg5+ 47. Kh3 1/2-1/2

[Event "POR-chT"]
[Site "Soure"]
[Date "2024.07.16"]
[Round "3.12"]
[White "Loeffler, Stefan"]
[Black "Sousa, Hugo Carneiro"]
[Result "1-0"]
[WhiteElo "2318"]
[BlackElo "2082"]
[PlyCount "51"]
[EventDate "2024.07.15"]
[EventType "team-tourn"]
[EventRounds "9"]
[EventCountry "POR"]
[SourceTitle "CBM 221 Extra"]
[Source "ChessBase"]
[SourceDate "2024.09.30"]
[SourceVersion "1"]
[SourceVersionDate "2024.09.30"]
[SourceQuality "1"]
[WhiteTeam "Montemor o Velho"]
[BlackTeam "EPGaia"]
[WhiteTeamCountry "POR"]
[BlackTeamCountry "POR"]

1. d4 Nf6 2. c4 g6 3. f3 d5 4. cxd5 Nxd5 5. e4 Nb6 6. Nc3 Bg7 7. Be3 0-0 8. Qd2 e5 9. d5 c6 10. h4 cxd5 11. exd5 h5 12. Be2 f5 13. Bg5 Bf6 14. Nh3 N8d7 15. g4 Bxg5 16. hxg5 hxg4 17. fxg4 Nc5 18. gxf5 Bxf5 19. Nf2 Kg7 20. Qe3 Ncd7 21. Ng4 Qc7 22. 0-0-0 Na4 23. d6 Qa5 24. Rh7+ Kxh7 25. Qh3+ Kg8 26. Bc4+ 1-0

[Event "POR-chT"]
[Site "Sao Joao da Madeira"]
[Date "2023.07.23"]
[Round "9.1"]
[White "Basilio, Rodrigo"]
[Black "Sousa, Hugo Carneiro"]
[Result "1/2-1/2"]
[WhiteElo "1925"]
[BlackElo "2067"]
[PlyCount "81"]
[EventDate "2023.07.17"]
[EventType "team-tourn"]
[EventRounds "9"]
[EventCountry "POR"]
[SourceTitle "CBM 215 Extra"]
[Source "ChessBase"]
[SourceDate "2023.09.30"]
[SourceVersion "1"]
[SourceVersionDate "2023.09.30"]
[SourceQuality "1"]
[WhiteTeam "Corvos Do Lis"]
[BlackTeam "EPGaia"]
[WhiteTeamCountry "POR"]
[BlackTeamCountry "POR"]

1. e4 e6 2. d4 d5 3. Nd2 c5 4. exd5 Qxd5 5. Ngf3 cxd4 6. Bc4 Qd6 7. 0-0 Nf6 8. Nb3 Nc6 9. Nbxd4 Nxd4 10. Nxd4 a6 11. Bb3 Qc7 12. Qf3 Bd6 13. h3 0-0 14. Bg5 Be5 15. Rad1 Bd7 16. Rfe1 Rfd8 17. Qe3 Bd6 18. Bxf6 gxf6 19. Qh6 Bh2+ 20. Kh1 Qf4 21. Nf5 Qxf5 22. Kxh2 Bc6 23. Qh4 Kh8 24. Rxd8+ Rxd8 25. Bc4 Rg8 26. Bf1 Rg6 27. Re2 Bb5 28. c4 Bc6 29. f3 Qb1 30. Rf2 Qxa2 31. Bd3 f5 32. Qd8+ Kg7 33. Qd4+ Kg8 34. Qd8+ Kg7 35. Qd4+ Kf8 36. Qd8+ Be8 37. Qd6+ Kg7 38. Qe5+ Kf8 39. Qd6+ Kg7 40. Qe5+ Kg8 41. Qd6 1/2-1/2

[Event "POR-chT"]
[Site "Sao Joao da Madeira"]
[Date "2023.07.21"]
[Round "7.2"]
[White "Fedorchuk, Sergey A"]
[Black "Sousa, Hugo Carneiro"]
[Result "1-0"]
[WhiteElo "2589"]
[BlackElo "2067"]
[PlyCount "29"]
[EventDate "2023.07.17"]
[EventType "team-tourn"]
[EventRounds "9"]
[EventCountry "POR"]
[SourceTitle "CBM 215 Extra"]
[Source "ChessBase"]
[SourceDate "2023.09.30"]
[SourceVersion "1"]
[SourceVersionDate "2023.09.30"]
[SourceQuality "1"]
[WhiteTeam "Gaia"]
[BlackTeam "EPGaia"]
[WhiteTeamCountry "POR"]
[BlackTeamCountry "POR"]

1. e4 e6 2. d4 d5 3. Nd2 c5 4. exd5 Qxd5 5. dxc5 Nf6 6. Ngf3 Nbd7 7. b4 a5 8. Bc4 Qc6 9. c3 b6 10. a4 bxc5 11. Bb5 Qc7 12. bxa5 Qxa5 13. Nc4 Qc7 14. Nfe5 Ba6 15. Qf3 1-0

[Event "POR-chT"]
[Site "Sao Joao da Madeira"]
[Date "2023.07.19"]
[Round "4.3"]
[White "Sousa, Hugo Carneiro"]
[Black "Loeffler, Stefan"]
[Result "1-0"]
[WhiteElo "2067"]
[BlackElo "2352"]
[PlyCount "88"]
[EventDate "2023.07.17"]
[EventType "team-tourn"]
[EventRounds "9"]
[EventCountry "POR"]
[SourceTitle "CBM 215 Extra"]
[Source "ChessBase"]
[SourceDate "2023.09.30"]
[SourceVersion "1"]
[SourceVersionDate "2023.09.30"]
[SourceQuality "1"]
[WhiteTeam "EPGaia"]
[BlackTeam "Montemor o Velho"]
[WhiteTeamCountry "POR"]
[BlackTeamCountry "POR"]

1. e4 c5 2. Nc3 e6 3. f4 a6 4. Nf3 d5 5. d4 cxd4 6. Qxd4 Nc6 7. Qd3 Nb4 8. Qd1 dxe4 9. Nxe4 Qxd1+ 10. Kxd1 b5 11. c3 Bb7 12. Ned2 Nc6 13. Nb3 0-0-0+ 14. Kc2 Nf6 15. Bd3 Nd5 16. a3 f6 17. Re1 Re8 18. c4 bxc4 19. Bxc4 Bd6 20. f5 Ne5 21. Nxe5 Bxe5 22. Nc5 Nc7 23. Nxe6 Bxh2 24. Bd2 Bxg2 25. Re2 Bh3 26. Nxg7 Rxe2 27. Bxe2 Rg8 28. Bh6 Bg2 29. Bc4 Rd8 30. Re1 Be5 31. Ne6 Rd6 32. b4 Bh3 33. Ng7 Nb5 34. Be6+ Kb7 35. Kc1 Rd3 36. Rxe5 fxe5 37. f6 Bxe6 38. Nxe6 Nd6 39. Nc5+ Kc6 40. Nxd3 Kd5 41. Nc5 a5 42. Bf8 axb4 43. Bxd6 Kxd6 44. Ne4+ Kd5 1-0

[Event "POR-chT"]
[Site "Sao Joao da Madeira"]
[Date "2023.07.18"]
[Round "2.2"]
[White "Sousa, Hugo Carneiro"]
[Black "Raja, Harshit"]
[Result "0-1"]
[WhiteElo "2067"]
[BlackElo "2510"]
[PlyCount "52"]
[EventDate "2023.07.17"]
[EventType "team-tourn"]
[EventRounds "9"]
[EventCountry "POR"]
[SourceTitle "CBM 215 Extra"]
[Source "ChessBase"]
[SourceDate "2023.09.30"]
[SourceVersion "1"]
[SourceVersionDate "2023.09.30"]
[SourceQuality "1"]
[WhiteTeam "EPGaia"]
[BlackTeam "Dias Ferreira"]
[WhiteTeamCountry "POR"]
[BlackTeamCountry "POR"]

1. e4 c5 2. c3 Nf6 3. e5 Nd5 4. Bc4 e6 5. Nf3 d6 6. d4 Be7 7. 0-0 0-0 8. Qe2 Nc6 9. Rd1 cxd4 10. cxd4 dxe5 11. dxe5 Qc7 12. Nc3 Nxc3 13. bxc3 Bd7 14. Qe4 Rfd8 15. Bg5 Be8 16. h4 Bxg5 17. Nxg5 g6 18. Re1 h6 19. Bxe6 Kg7 20. Bb3 hxg5 21. hxg5 Ne7 22. Re3 Nf5 23. Rh3 Bc6 24. Qe2 Rh8 25. Rxh8 Rxh8 26. Re1 Qe7 0-1

[Event "POR-chT"]
[Site "Sao Joao da Madeira"]
[Date "2023.07.17"]
[Round "1.5"]
[White "Guia, Artur Solovyov Eloy"]
[Black "Sousa, Hugo Carneiro"]
[Result "0-1"]
[WhiteElo "1987"]
[BlackElo "2067"]
[PlyCount "50"]
[EventDate "2023.07.17"]
[EventType "team-tourn"]
[EventRounds "9"]
[EventCountry "POR"]
[SourceTitle "CBM 215 Extra"]
[Source "ChessBase"]
[SourceDate "2023.09.30"]
[SourceVersion "1"]
[SourceVersionDate "2023.09.30"]
[SourceQuality "1"]
[WhiteTeam "Ferroviarios do Barreiro"]
[BlackTeam "EPGaia"]
[WhiteTeamCountry "POR"]
[BlackTeamCountry "POR"]

1. d4 Nf6 2. Bg5 g6 3. Bxf6 exf6 4. c4 f5 5. e3 Bg7 6. Nc3 0-0 7. g3 c5 8. Nge2 Nc6 9. dxc5 Qa5 10. Bg2 Qxc5 11. Qd5 Qxd5 12. cxd5 Ne5 13. 0-0 d6 14. Rfd1 Bd7 15. Nd4 Rfd8 16. Rac1 a6 17. b4 Nc4 18. Bf1 Rac8 19. b5 Bxd4 20. Bxc4 Bxc3 21. bxa6 Rxc4 22. axb7 Rc7 23. Rd3 Ba5 24. Rb1 Rb8 25. Ra3 Rc5 0-1

[Event "Lisbon Portugal rapid op"]
[Site "Lisbon"]
[Date "2022.09.04"]
[Round "8"]
[White "Campora, Daniel Hugo"]
[Black "Sousa, Hugo Carneiro"]
[Result "1-0"]
[WhiteElo "2344"]
[BlackElo "2171"]
[PlyCount "34"]
[EventDate "2022.09.03"]
[EventType "swiss (rapid)"]
[EventRounds "11"]
[EventCountry "POR"]
[SourceTitle "CBM 210 Extra"]
[Source "ChessBase"]
[SourceDate "2022.11.30"]
[SourceVersion "1"]
[SourceVersionDate "2022.11.30"]
[SourceQuality "1"]

1. e4 c5 2. Nf3 a6 3. c3 d6 4. d4 Qc7 5. Bd3 Nd7 6. 0-0 g6 7. Re1 Bg7 8. Bf4 e5 9. Bg3 Ne7 10. Nbd2 b5 11. a4 c4 12. Bc2 Rb8 13. axb5 axb5 14. h4 h6 15. h5 g5 16. Nf1 0-0 17. Ne3 Bb7 1-0

[Event "Lisbon Portugal rapid op"]
[Site "Lisbon"]
[Date "2022.09.04"]
[Round "11"]
[White "Roubalik, Jakub"]
[Black "Sousa, Hugo Carneiro"]
[Result "1-0"]
[WhiteElo "2366"]
[BlackElo "2171"]
[PlyCount "63"]
[EventDate "2022.09.03"]
[EventType "swiss (rapid)"]
[EventRounds "11"]
[EventCountry "POR"]
[SourceTitle "CBM 210 Extra"]
[Source "ChessBase"]
[SourceDate "2022.11.30"]
[SourceVersion "1"]
[SourceVersionDate "2022.11.30"]
[SourceQuality "1"]

1. d4 Nf6 2. c4 c5 3. d5 b5 4. Qc2 b4 5. e4 d6 6. f4 Qc7 7. Nf3 Nbd7 8. Bd3 g6 9. 0-0 Bg7 10. h3 0-0 11. Be3 e6 12. dxe6 fxe6 13. Nbd2 Bb7 14. Rae1 Rae8 15. Ng5 Qc6 16. Rf2 Nh5 17. Nb3 h6 18. Nh7 Kxh7 19. e5 Rf5 20. Na5 Qb6 21. Nxb7 Qxb7 22. g4 dxe5 23. gxh5 exf4 24. Bxf5 exf5 25. hxg6+ Kxg6 26. Rg2+ Kf6 27. Bd4+ cxd4 28. Rxe8 Ne5 29. Qe2 Qe4 30. Rxe5 Qxe5 31. Qxe5+ Kxe5 32. Rxg7 1-0

[Event "Lisbon Portugal rapid op"]
[Site "Lisbon"]
[Date "2022.09.03"]
[Round "1"]
[White "Sousa, Hugo Carneiro"]
[Black "Cavadas, Jose Manuel Goncalv"]
[Result "1-0"]
[WhiteElo "2171"]
[BlackElo "1414"]
[PlyCount "45"]
[EventDate "2022.09.03"]
[EventType "swiss (rapid)"]
[EventRounds "11"]
[EventCountry "POR"]
[SourceTitle "CBM 210 Extra"]
[Source "ChessBase"]
[SourceDate "2022.11.30"]
[SourceVersion "1"]
[SourceVersionDate "2022.11.30"]
[SourceQuality "1"]

1. e4 c5 2. Nf3 d6 3. d4 cxd4 4. Nxd4 a6 5. Nc3 Nf6 6. Bg5 e6 7. f4 Be7 8. Qf3 Qc7 9. 0-0-0 Nbd7 10. g4 b5 11. Bxf6 Nxf6 12. g5 Nd7 13. a3 Bb7 14. f5 Bxg5+ 15. Kb1 e5 16. Ndxb5 axb5 17. Nxb5 Qc6 18. Nxd6+ Ke7 19. Qh5 f6 20. Qf7+ Kd8 21. Bb5 Qc7 22. Nxb7+ Qxb7 23. Rxd7+ 1-0

[Event "Lisbon Portugal rapid op"]
[Site "Lisbon"]
[Date "2022.09.03"]
[Round "3"]
[White "Sousa, Hugo Carneiro"]
[Black "Roque, Armando Filipe"]
[Result "1-0"]
[WhiteElo "2171"]
[BlackElo "1910"]
[PlyCount "77"]
[EventDate "2022.09.03"]
[EventType "swiss (rapid)"]
[EventRounds "11"]
[EventCountry "POR"]
[SourceTitle "CBM 210 Extra"]
[Source "ChessBase"]
[SourceDate "2022.11.30"]
[SourceVersion "1"]
[SourceVersionDate "2022.11.30"]
[SourceQuality "1"]

1. e4 e6 2. d4 d5 3. e5 c5 4. c3 Nc6 5. Nf3 Bd7 6. a3 Nge7 7. b4 cxd4 8. cxd4 Rc8 9. Bb2 Qb6 10. Nc3 Nf5 11. Na4 Qd8 12. Bd3 Be7 13. Rc1 0-0 14. Nc5 Bxc5 15. Rxc5 Nh4 16. 0-0 Nxf3+ 17. Qxf3 Ne7 18. Rfc1 Rxc5 19. dxc5 a6 20. g3 Bb5 21. Bc2 Bc4 22. Rd1 Qc7 23. Rd4 Qxe5 24. Bxh7+ Kh8 25. Bd3 Qe1+ 26. Kg2 Bxd3 27. Qxd3 Nf5 28. Rg4 Kg8 29. h4 f6 30. a4 Kf7 31. Rf4 Rd8 32. b5 axb5 33. axb5 g6 34. Ra4 e5 35. Ra7 Rd7 36. c6 Rc7 37. Rxb7 Qa5 38. Qxd5+ Kg7 39. Bxe5 1-0

[Event "EU Universities Rapid"]
[Site "Lodz"]
[Date "2022.07.18"]
[Round "8.14"]
[White "Muradyan, Ararat"]
[Black "Sousa, Hugo Carneiro"]
[Result "0-1"]
[WhiteElo "1615"]
[BlackElo "2067"]
[PlyCount "102"]
[EventDate "2022.07.16"]
[EventType "team-swiss (rapid)"]
[EventRounds "9"]
[EventCountry "POL"]
[SourceTitle "CBM 209 Extra"]
[Source "ChessBase"]
[SourceDate "2022.09.30"]
[SourceVersion "1"]
[SourceVersionDate "2022.09.30"]
[SourceQuality "1"]
[WhiteTeam "Armenian Economics Univ"]
[BlackTeam "Porto Univ"]
[WhiteTeamCountry "ARM"]
[BlackTeamCountry "POR"]

1. g3 Nf6 2. Bg2 g6 3. Nf3 Bg7 4. 0-0 0-0 5. d4 d6 6. c3 Nc6 7. d5 Nb8 8. Bg5 Nbd7 9. Re1 h6 10. Bxf6 Nxf6 11. e4 e5 12. dxe6 Bxe6 13. Na3 Re8 14. e5 dxe5 15. Qxd8 Raxd8 16. Nxe5 c6 17. Nf3 Nd5 18. Nc2 Nxc3 19. bxc3 Bxc3 20. Rxe6 Rxe6 21. Rb1 Re2 22. Ne3 b5 23. Rc1 b4 24. a3 Bb2 25. Rxc6 Bxa3 26. Bf1 b3 27. Rc3 b2 28. Rb3 Rxe3 29. fxe3 Rd1 30. Rxb2 Bxb2 31. Kf2 Bc3 32. Be2 Rd6 33. e4 a5 34. e5 Re6 35. Bc4 Re7 36. Ke3 Bxe5 37. Kd3 Bf6 38. Nd2 Rb7 39. Ne4 Kg7 40. Nc5 Rb2 41. h3 Rg2 42. Ne4 a4 43. Bd5 Rg1 44. Kc4 a3 45. Kb3 Be7 46. Bc4 Rb1+ 47. Ka2 Rb2+ 48. Ka1 Rh2 49. h4 Bf6+ 50. Kb1 Rb2+ 51. Ka1 Rb4+ 0-1

[Event "EU Universities Rapid"]
[Site "Lodz"]
[Date "2022.07.16"]
[Round "2.8"]
[White "Eren, Ataberk"]
[Black "Sousa, Hugo Carneiro"]
[Result "1/2-1/2"]
[WhiteElo "2204"]
[BlackElo "2067"]
[PlyCount "74"]
[EventDate "2022.07.16"]
[EventType "team-swiss (rapid)"]
[EventRounds "9"]
[EventCountry "POL"]
[SourceTitle "CBM 209 Extra"]
[Source "ChessBase"]
[SourceDate "2022.09.30"]
[SourceVersion "1"]
[SourceVersionDate "2022.09.30"]
[SourceQuality "1"]
[WhiteTeam "Ozyegin Univ"]
[BlackTeam "Porto Univ"]
[WhiteTeamCountry "TUR"]
[BlackTeamCountry "POR"]

1. e4 e6 2. d4 d5 3. Nc3 Nf6 4. Bg5 Bb4 5. e5 h6 6. Bd2 Bxc3 7. bxc3 Ne4 8. Qg4 Kf8 9. Bd3 Nxd2 10. Kxd2 c5 11. h4 c4 12. Be2 Nc6 13. Rh3 Bd7 14. Qf4 b5 15. Bh5 Be8 16. Rf3 Qe7 17. Ne2 a5 18. a3 Rb8 19. Qg4 b4 20. axb4 axb4 21. cxb4 Rxb4 22. Nc3 Rb2 23. Ra8 Nb8 24. Kc1 Kg8 25. Kxb2 Qb7+ 26. Kc1 Qxa8 27. Rg3 Qa3+ 28. Kd2 Qf8 29. Ne2 Nc6 30. c3 Ne7 31. Rf3 Nf5 32. Ng3 Qa3 33. Nxf5 Qb2+ 34. Ke1 Qc1+ 35. Ke2 Qc2+ 36. Ke1 Qc1+ 37. Ke2 Qc2+ 1/2-1/2

[Event "EU-ch U18"]
[Site "Bratislava"]
[Date "2019.08.10"]
[Round "9"]
[White "Flajsman, Pavel"]
[Black "Sousa, Hugo Carneiro"]
[Result "1-0"]
[WhiteElo "1870"]
[BlackElo "2115"]
[PlyCount "83"]
[EventDate "2019.08.02"]
[EventType "swiss"]
[EventRounds "9"]
[EventCountry "SVK"]
[SourceTitle "CBM 191 Extra"]
[Source "ChessBase"]
[SourceDate "2019.09.30"]
[SourceVersion "1"]
[SourceVersionDate "2019.09.30"]
[SourceQuality "1"]

1. Nf3 Nf6 2. c4 g6 3. g3 Bg7 4. Bg2 0-0 5. 0-0 d6 6. d4 Nc6 7. Nc3 a6 8. d5 Na5 9. Qd3 c5 10. dxc6 Nxc6 11. Nd5 Bd7 12. Bd2 b5 13. cxb5 axb5 14. Nxf6+ Bxf6 15. Bc3 Bxc3 16. Qxc3 Qb6 17. Rfc1 Ra6 18. Qd2 b4 19. Qh6 f6 20. Nh4 Ne5 21. Qd2 Kg7 22. Nf3 Nc6 23. e3 Be6 24. Ng5 fxg5 25. Rxc6 Qa7 26. Rxa6 Qxa6 27. Qxb4 Qe2 28. Qd4+ Kg8 29. e4 Rc8 30. Bf1 Qc2 31. a4 Bg4 32. Bd3 Qc7 33. b3 e5 34. Qc4+ Kf8 35. Qxc7 Rxc7 36. a5 Ke7 37. a6 Ra7 38. b4 Kd8 39. b5 Bc8 40. b6 Ra8 41. Kg2 Kd7 42. b7 1-0

[Event "EU-ch U18"]
[Site "Bratislava"]
[Date "2019.08.07"]
[Round "6"]
[White "Horak, Jan"]
[Black "Sousa, Hugo Carneiro"]
[Result "1/2-1/2"]
[WhiteElo "2044"]
[BlackElo "2115"]
[PlyCount "88"]
[EventDate "2019.08.02"]
[EventType "swiss"]
[EventRounds "9"]
[EventCountry "SVK"]
[SourceTitle "CBM 191 Extra"]
[Source "ChessBase"]
[SourceDate "2019.09.30"]
[SourceVersion "1"]
[SourceVersionDate "2019.09.30"]
[SourceQuality "1"]

1. e4 e6 2. d3 d5 3. Qe2 Nf6 4. Nf3 c5 5. g3 Nc6 6. Bg2 Be7 7. 0-0 0-0 8. e5 Ne8 9. c3 b5 10. h4 a5 11. Bf4 c4 12. dxc4 bxc4 13. Nbd2 Rb8 14. Rab1 Nc7 15. Ng5 Bd7 16. Rfd1 Qc8 17. Qh5 h6 18. Nh3 Na6 19. Bxh6 gxh6 20. Qxh6 Nxe5 21. Ng5 Bxg5 22. Qxg5+ Ng6 23. h5 Qd8 24. Qxd8 Rfxd8 25. hxg6 fxg6 26. b3 cxb3 27. axb3 Nc5 28. c4 d4 29. Ra1 a4 30. bxa4 Bxa4 31. Rdb1 d3 32. Kf1 Nb3 33. Nxb3 Bxb3 34. Bf3 Bxc4 35. Rxb8 Rxb8 36. Ke1 Rb2 37. Rd1 Kf7 38. Rd2 Rb3 39. Be4 g5 40. f4 gxf4 41. gxf4 Rb4 42. Kf2 Bd5 43. Bxd5 exd5 44. Ke3 Re4+ 1/2-1/2

[Event "Guimaraes 2nd"]
[Site "Guimaraes"]
[Date "2018.10.06"]
[Round "5"]
[White "Sousa, Hugo Carneiro"]
[Black "Saran, Vikash Velumani"]
[Result "1-0"]
[WhiteElo "2014"]
[BlackElo "1464"]
[PlyCount "69"]
[EventDate "2018.10.04"]
[EventType "swiss"]
[EventRounds "7"]
[EventCountry "POR"]
[SourceTitle "CBM 186 Extra"]
[Source "ChessBase"]
[SourceDate "2018.08.24"]
[SourceVersion "1"]
[SourceVersionDate "2018.08.24"]
[SourceQuality "1"]

1. e4 e5 2. Bc4 Nf6 3. d3 d5 4. exd5 Nxd5 5. Nf3 Nc6 6. h3 Be7 7. 0-0 Be6 8. Re1 Qd6 9. Nbd2 0-0-0 10. Bb3 f6 11. Nc4 Qd7 12. d4 Bxh3 13. gxh3 Qxh3 14. c3 Kb8 15. Nh2 exd4 16. cxd4 g5 17. Ne3 Bd6 18. Nef1 Nf4 19. Qg4 h5 20. Qxh3 Nxh3+ 21. Kg2 Nf4+ 22. Bxf4 Bxf4 23. Nf3 g4 24. Nh4 Bg5 25. Nf5 Nxd4 26. Nxd4 Rxd4 27. Rad1 Rf4 28. Rd3 h4 29. Rde3 h3+ 30. Kg3 c6 31. Re8+ Rxe8 32. Rxe8+ Kc7 33. Nh2 f5 34. Rg8 Bf6 35. Kxf4 1-0

[Event "Famalicao op 6th"]
[Site "Famalicao"]
[Date "2018.08.02"]
[Round "7"]
[White "Sousa, Hugo Carneiro"]
[Black "Melo, David"]
[Result "1-0"]
[WhiteElo "1938"]
[BlackElo "1592"]
[PlyCount "39"]
[EventDate "2018.07.29"]
[EventType "swiss"]
[EventRounds "9"]
[EventCountry "POR"]
[SourceTitle "CBM 185 Extra"]
[Source "ChessBase"]
[SourceDate "2018.07.29"]
[SourceVersion "1"]
[SourceVersionDate "2018.07.29"]
[SourceQuality "1"]

1. e4 c6 2. d4 d5 3. Nd2 dxe4 4. Nxe4 Nd7 5. Ng5 Ngf6 6. Bd3 e6 7. Qe2 h6 8. Nxe6 fxe6 9. Bg6+ Ke7 10. Nf3 Qc7 11. 0-0 Nd5 12. Re1 N7f6 13. Ne5 b5 14. c4 bxc4 15. Qxc4 Bd7 16. Nf7 Qa5 17. Bd2 Nb6 18. Bb4+ c5 19. Bxc5+ Ke8 20. Rxe6+ 1-0

[Event "Famalicao op 6th"]
[Site "Famalicao"]
[Date "2018.08.01"]
[Round "6"]
[White "Sousa, Hugo Carneiro"]
[Black "Marinho, Antonio Pedro"]
[Result "1/2-1/2"]
[WhiteElo "1938"]
[BlackElo "1619"]
[PlyCount "105"]
[EventDate "2018.07.29"]
[EventType "swiss"]
[EventRounds "9"]
[EventCountry "POR"]
[SourceTitle "CBM 185 Extra"]
[Source "ChessBase"]
[SourceDate "2018.07.29"]
[SourceVersion "1"]
[SourceVersionDate "2018.07.29"]
[SourceQuality "1"]

1. e4 e5 2. Nf3 Nc6 3. Bc4 Bc5 4. d3 d6 5. c3 Nf6 6. Bb3 a5 7. Nbd2 Qe7 8. 0-0 0-0 9. Re1 Be6 10. Nc4 h6 11. d4 a4 12. Bxa4 Bxc4 13. dxc5 dxc5 14. Bxc6 bxc6 15. b3 Rfd8 16. Nd2 Bd3 17. Qf3 c4 18. Nxc4 Nxe4 19. Nb2 Nc5 20. Be3 e4 21. Qg3 Qd6 22. Bf4 Qf6 23. Be5 Qg5 24. Qxg5 hxg5 25. Bxc7 Rd7 26. Bb6 Ne6 27. g3 f5 28. Rad1 Rxa2 29. Nxd3 Rxd3 30. Rxd3 exd3 31. Rd1 Ra3 32. Rxd3 Rxb3 33. Ba5 c5 34. Kg2 Nd4 35. Bc7 g4 36. cxd4 Rxd3 37. dxc5 Kf7 38. h3 Rc3 39. Bd6 Ke6 40. hxg4 fxg4 41. Bf4 Rxc5 42. Be3 Rc3 43. Ba7 Rb3 44. Bd4 g6 45. Bc5 Kd5 46. Ba7 Ra3 47. Bb6 g5 48. Bd8 Rb3 49. Bxg5 Ke4 50. Bf4 Rf3 51. Bb8 Kd3 52. Ba7 Ke2 53. Bb6 1/2-1/2

[Event "Famalicao op 6th"]
[Site "Famalicao"]
[Date "2018.07.30"]
[Round "3"]
[White "Sousa, Gil Oliva Teles"]
[Black "Sousa, Hugo Carneiro"]
[Result "0-1"]
[WhiteElo "1529"]
[BlackElo "1938"]
[PlyCount "46"]
[EventDate "2018.07.29"]
[EventType "swiss"]
[EventRounds "9"]
[EventCountry "POR"]
[SourceTitle "CBM 185 Extra"]
[Source "ChessBase"]
[SourceDate "2018.07.29"]
[SourceVersion "1"]
[SourceVersionDate "2018.07.29"]
[SourceQuality "1"]

1. e4 e6 2. d4 d5 3. Nc3 Nf6 4. e5 Nfd7 5. f4 c5 6. Nf3 Nc6 7. Be3 cxd4 8. Nxd4 Bc5 9. Qd2 a6 10. 0-0-0 0-0 11. Qf2 Nxd4 12. Bxd4 Qc7 13. Kb1 b5 14. g4 Bb7 15. Bd3 b4 16. Ne2 a5 17. Qh4 g6 18. Qh6 Rfc8 19. h4 Bf8 20. Qxh7+ Kxh7 21. h5 Kg8 22. hxg6 fxg6 23. Bxg6 Bg7 0-1